[Event "IECC CL6-2001.11"]
[Site "IECC email"]
[Date "2001.03.19"]
[Round "?"]
[White "Van Lieshout, Henk HM"]
[Black "Kozleski, Matt"]
[Result "1-0"]
[WhiteElo "1389"]
[BlackElo "1132"]
[PlyCount "23"]
[EventDate "2001.??.??"]
[EventType "tourn (corr)"]
[EventRounds "4"]
[SourceTitle "Corr 2008"]
[Source "ChessBase"]
[SourceDate "2008.06.24"]
[SourceVersion "1"]
[SourceVersionDate "2008.06.24"]
[SourceQuality "1"]

1. e4 e5 2. Nf3 d6 3. Be2 Nf6 4. Nc3 Be7 5. 0-0 0-0 6. d3 Ng4 7. Nd5 Nc6 8. Nxe7+ Qxe7 9. c3 f5 10. Qb3+ d5 11. h3 Na5 12. Qxd5+ 1-0